000 01102nam a22002657a 4500
005 20240530110609.0
008 161114s2015 ua a g b 000 0 ara d
017 _a2014/17042
_bمصر. دار الكتب
020 _a9789776456365
040 _aEG-CaGPL
_cEG-CaGPL
082 0 4 _221
_a371.207\
_bق/م ت
100 0 _aمحمد حسن احمد جمعة
245 1 2 _aالتربية و قضايا العصر بمصر و العالم العربى /
_cمحمد حسن احمد جمعة
250 _aط. 1
260 _aالقاهرة :
_bدار الجوهرة للنشر و التوزيع ،
_c2015 .
300 _a345 ص. :
_bايض ؛
_c24 سم .
504 _aيشتمل على ارجاعات ببليوجرافية
650 0 7 _2qrmak
_aالتربية
_zمصر
650 0 7 _2qrmak
_aالتوجية التربوى
650 0 7 _2qrmak
_aالتعليم
_xاصلاح
_zمصر
650 0 7 _2qrmak
_aالتعليم
_xاصلاح
_zالولايات المتحدة الامريكية
650 0 7 _2qrmak
_aالمناهج
_xتخطيط
942 _2ddc
_cBK
999 _c62820
_d62820